El Papel de la Cámara Nacional de Bananeros frente a la problemática del sector

Bewaard in:
Bibliografische gegevens
Coauteur: Cámara Nacional de Bananeros
Formaat: Texto
Gepubliceerd in: San José: CNB
Tags: Voeg label toe
Geen labels, Wees de eerste die dit record labelt!

MARC

LEADER 00000 a a2200000 04500
001 25988
003
040
090 |a 166500  
110 |a Cámara Nacional de Bananeros  
245 |a El Papel de la Cámara Nacional de Bananeros frente a la problemática del sector  
260 |a San José:   |b CNB  
300 |a 12 p.  
999 |c 3507  |d 3507